01345naa a22003137a 4500001001000000003000900010005001700019007000300036008003400039040005400073041000900127072000800136090001800144100002000162245007400182500019700256773017200453650001800625650003000643650002200673650001600695650001200711650002100723490007800744942001500822909004000837999001900877952013500896BR7502599BR-BrBNA20250714141719.0ta250630b bl.|||m| |||| 00| 0 por d aBR-BrBNAbporcBiblioteca Nacional de Agricultura a(Pt) aE10 aE10 BR75025991 aJorgenson, D.W.1 aTeste de teorias alternativas de desenvolvimento em economia dualista aDesenvolvimento da agricultura: Natureza do processo e modelos dualistas Araujo, P.F.C. deSchuh, G.E. (ed.) Sao Paulo, SP (Brasil): Livraria Pioneira Editora, 1975. p. 137-152 (BR7502599-AMS) 0 tDesenvolvimento da agricultura: Natureza do processo e modelos dualistasaAraujo, P.F.C. de; Schuh, G.E. (ed.)wE10 BR7502599gSao Paulo, SP (Brasil), 1975. p. 137-152 aMacroeconomia aDesenvolvimento economico aAnalise economica aMao-de-obra aSalario aRenda per capita aBiblioteca Pioneira de Ciencias Sociais. Serie Estudos Agricolas (Brazil) cAMS2AGRIS a202506bLúciac55dLúcia Elande c332867d332867 002AGRIS40708AGROBASEa41918b41918l0oC20 BR9903448r2025-06-30t01yAMS10d2025-06-30ePortaria Interministerial nº 164/94